Ανάλυση και κριτική θεώρηση των διεθνών λογιστικών προτύπων Νο 22, Νο 27, Νο 28 σε σχέση με τα οριζόμενα από τα αμερικάνικα πρότυπα (FAS Νο 141, Νο 142) : μεταπτυχιακή εργασία

Αποθηκεύτηκε σε:
Λεπτομέρειες βιβλιογραφικής εγγραφής
Κύριος συγγραφέας: Λουκάκης, Αλέξανδρος
Συγγραφή απο Οργανισμό/Αρχή: Πανεπιστήμιο Αιγαίου Σχολή Επιστημών της Διοίκησης Τμήμα Διοίκησης Επιχειρήσεων Πρόγραμμα Μεταπτυχιακών Σπουδών στη Διοίκηση Επιχειρήσεων - M.B.A
Άλλοι συγγραφείς: Θεοδωρίδου, Σάσυ (Εισηγητής διατριβής)
Μορφή: Thesis Βιβλίο
Γλώσσα:Greek
Δημοσίευση: 2003
Θέματα:
Ετικέτες: Προσθήκη ετικέτας
Δεν υπάρχουν, Καταχωρήστε ετικέτα πρώτοι!

MARC

LEADER 00000cam a2200000 i 4500
001 1/46301
008 031219s2003 gre d
035 |l 10071875 
040 |a GR-MY-UA  |b gre  |e aacr 
041 0 |a gre 
082 0 |a 657.0218  |2 (22) 
100 1 |a Λουκάκης, Αλέξανδρος. 
245 1 0 |a Ανάλυση και κριτική θεώρηση των διεθνών λογιστικών προτύπων Νο 22, Νο 27, Νο 28 σε σχέση με τα οριζόμενα από τα αμερικάνικα πρότυπα (FAS Νο 141, Νο 142) :  |b μεταπτυχιακή εργασία /  |c Λουκάκης Αλέξανδρος ; επιβλέπουσα: Θεοδωρίδου Σάσυ 
260 |c 2003 
300 |a 51 σ.;  |c 30 εκ. 
502 # # |a Διατριβή (μεταπτυχιακή) – Πανεπιστήμιο Αιγαίου, Χίος, 2003. 
504 |a Περιλαμβάνει βιβλιογραφία 
610 2 0 |a Πανεπιστήμιο Αιγαίου. 
650 0 0 |a Accounting  |x Standards. 
650 0 0 |a Financial statements. 
650 0 0 |a Dissertations, Academic  |z Greece. 
700 1 |a Θεοδωρίδου, Σάσυ.  |4 ths 
710 1 |a Πανεπιστήμιο Αιγαίου  |b Σχολή Επιστημών της Διοίκησης  |b Τμήμα Διοίκησης Επιχειρήσεων  |b Πρόγραμμα Μεταπτυχιακών Σπουδών στη Διοίκηση Επιχειρήσεων - M.B.A. 
852 |a INST  |b CHIOS  |c DIATR  |e 20031219  |h 657.0218 ΛΟΥ  |p 005200012816  |q 005200012816  |t MTXE  |y 23 
852 |a INST  |b CHIOS  |c DIATR  |e 20031219  |h 657.0218 ΛΟΥ  |p 005200012817  |q 005200012817  |t MTXE  |y 23 
901 |a BIBL2-2003-3 
909 |a Χ  |b 107751 
909 |a Χ  |b 107752 
924 |a ΛΟΥΚΑΚΗΣ  |b ΑΛΕΞΑΝΔΡΟΣ  |y ΧΙΟΣ  |z 2004-01 
970 |a ΠΟΥΛΑΚΗ  |b ΠΑΝΩΡΑΙΑ  |z 2003/12/19